000 01125njm a22003257a 4500
005 20100916153048.0
007 sd ammalaaahaa
008 100913t xxu||||| |||| 00| 0 hin d
028 _aECLP 5559
_bEMI
035 _aGR-02875
040 _aSED
_cSED
100 _aHemlata
_91184
245 _aAnkhiyon ke jharokhon se /
_cby Hemlata ; music by Ravinder Jain
_h[sound recording] :
246 _aअंखियों के झरोखों से
260 _aDum Dum India
_bEMI
_c1978
300 _a1 sound disc [Gramophone record] :
_banalog, 33 1/3 rpm
_c12.5 in. (LP)
_fGramophone Record
440 _920306
500 _aBrief Record
500 _aRecord label :EMI, Red
505 _aSide-१ (Ek din) (Hemlata & Shailendra Singh) Side-2 (Kai din se mujhe) (Hemlata)
600 _aHemlata
_919992
650 _aHindi Film songs
_xExcerpts
_zIndia
_919603
650 _920383
650 _920294
700 _920374
_aJain, Ravinder
700 _aMalik, Varma
_920386
700 _920370
942 _2ddc
_cGR
999 _c46290
_d46290